The man from Chinnamasta / (Record no. 135210)

MARC details
000 -LEADER
fixed length control field 00828nam a22002537a 4500
003 - CONTROL NUMBER IDENTIFIER
control field 0
005 - DATE AND TIME OF LATEST TRANSACTION
control field 20190306154701.0
008 - FIXED-LENGTH DATA ELEMENTS--GENERAL INFORMATION
fixed length control field 0
010 ## - LIBRARY OF CONGRESS CONTROL NUMBER
LC control number B-227157
020 ## - INTERNATIONAL STANDARD BOOK NUMBER
Terms of availability 250.00
International Standard Book Number 8189020382
035 ## - SYSTEM CONTROL NUMBER
System control number B-227157 , B-227164 , B-227164,B-227184
037 ## - SOURCE OF ACQUISITION
Source of stock number/acquisition Cen Lib/Ret
040 ## - CATALOGING SOURCE
Original cataloging agency DPL
Language of cataloging EN
Transcribing agency 0
082 ## - DEWEY DECIMAL CLASSIFICATION NUMBER
Classification number N
Item number GOS
100 ## - MAIN ENTRY--PERSONAL NAME
Personal name Goswami, Indira
9 (RLIN) 95156
245 ## - TITLE STATEMENT
Title The man from Chinnamasta /
Statement of responsibility, etc by Indira Goswami ; translated by Prashant Goswami
260 ## - PUBLICATION, DISTRIBUTION, ETC. (IMPRINT)
Place of publication, distribution, etc New Delhi
Name of publisher, distributor, etc Katha
Date of publication, distribution, etc 1990
270 ## - ADDRESS
Address A3, Sarvodya Enclave, Sri Aurobindo Marg
City New Delhi
Postal code 110017
300 ## - PHYSICAL DESCRIPTION
Extent 186p.
Other physical details 20cm(pbk)
650 ## - SUBJECT ADDED ENTRY--TOPICAL TERM
Topical term or geographic name as entry element Assamese fiction -- Translations into English
9 (RLIN) 95157
650 ## - SUBJECT ADDED ENTRY--TOPICAL TERM
Topical term or geographic name as entry element Kāmākhya (Hindu deity) -- Cult -- India -- Gauhati -- Fiction
9 (RLIN) 95158
700 ## - ADDED ENTRY--PERSONAL NAME
Personal name Goswami, Prashant
9 (RLIN) 95159
942 ## - ADDED ENTRY ELEMENTS (KOHA)
Source of classification or shelving scheme Dewey Decimal Classification
Koha item type English Books
Classification part N
Call number suffix GOS
Holdings
Withdrawn status Lost status Damaged status Not for loan Home library Current library Date acquired Source of acquisition Cost, normal purchase price Total Checkouts Full call number Barcode Date last seen Copy number Cost, replacement price Price effective from Koha item type Source of classification or shelving scheme Collection code
        Central Library Central Library 03/10/2015 Cen Lib/Ret 250.00   N GOS B-227157 03/10/2015 1 250.00 03/10/2015 English Books    
        Tri Nagar Tri Nagar 27/07/2018 BPPD/pub 250.00   N GOS B-227164 27/07/2018   250.00 27/07/2018 English Books Dewey Decimal Classification Fiction
        Vigyan Vihar Vigyan Vihar 06/03/2019 BPPD/PUB 250.00   N GOS B-227184 06/03/2019   250.00 06/03/2019 English Books Dewey Decimal Classification Fiction

© Delhi Public Library
Hit Counter
free hit counter